ESP-Reyes de Navarra - Estadísticas

Estadísticas generales
  • Esta prueba ha sido intentada 81 veces
  • La puntuación promedio es 49 de 59
Estadísticas de respuestas
Período Nombre % Correcto
1322-1328 Carlos I
98%
1349-1387 Carlos II
98%
1387-1425 Carlos III
98%
1516-1556 Carlos IV
98%
1824-1830 Carlos IV
98%
1665-1700 Carlos V
98%
1759-1788 Carlos VI
98%
1788-1808 Carlos VII
98%
1284-1305 Felipe I
98%
1316-1322 Felipe II
98%
1328-1343 Felipe III
98%
1556-1598 Felipe IV
98%
1598-1621 Felipe V
98%
1621-1665 Felipe VI
98%
1700-1724 Felipe VII
98%
1724-1746 Felipe VII
98%
1316 Juan I
97%
1425-1479 Juan II
97%
1484-1512 Juan III
97%
905-925 Sancho I Garcés
93%
970-994 Sancho II Garcés
93%
1004-1035 Sancho III Garcés
93%
1054-1076 Sancho IV Garcés
93%
1150-1194 Sancho VI
93%
1194-1234 Sancho VII
93%
1076-1094 Sancho V Ramírez
93%
1512-1516 Fernando I
91%
1746-1759 Fernando II
91%
1808 Fernando III
91%
1814-1833 Fernando III
91%
1808-1810 José I
90%
1305-1316 Luis I
90%
1724 Luis II
90%
1610-1643 Luis II
90%
1643-1715 Luis III
90%
1715-1774 Luis IV
90%
1774-1789 Luis V
90%
1814-1824 Luis VII
90%
1833-1841 Isabel I
84%
1274-1305 Juana I
81%
1328-1349 Juana II
81%
1516-1555 Juana III
81%
1555-1572 Juana III
81%
1104-1134 Alfonso I
78%
1035-1054 García III Sánchez
69%
994-1000 García II Sánchez
69%
925-970 García I Sánchez
69%
1134-1150 García IV Ramírez
69%
1271-1274 Enrique I
67%
1530-1555 Enrique II
67%
1572-1610 Enrique III
67%
1094-1104 Pedro I
60%
1425-1441 Blanca
55%
1483-1512 Catalina
55%
1479-1483 Francisco
53%
1479 Leonor
50%
1234-1253 Teobaldo I
41%
1253-1270 Teobaldo II
41%
1555-1562 Antonio
22%
No se encontraron pruebas coincidentes
Distribución de puntuación
Porcentaje de gente con cada puntuación
Porcentaje por número respondido
Historial de tus puntuaciones
No has intentado esta prueba.